000 00696nam a22001935i 4500
001 170199
003 ES-MaACL
005 20250702063127.0
008 090211q1967 fr |||| | fre d
080 _a782.1
100 1 _aWilde, Oscar,
_d1854-1900
_9241147
245 1 0 _aSalomé :
_bdrame musical en 1 acte, d'après la tragédie de Oscar Wilde ; musique de Richard Strauss.
260 _aParis :
_bLibrairie Théatrale :
_bM.-R. Braun,
_c[ca. 1967]
300 _a37 p. ;
_c19 cm.
650 4 _aÓperas-
_vLibretos.
_9137584
700 1 _aStrauss, Richard,
_d1864-1949
_9240557
852 4 _aES-MaACL
_j2247-F-13
_z- Biblioteca Jacinto Martínez Lacalle
999 _c170199
_d170199